[Event "IMP Mezczyzn do lat 20"]
[Site "Chotowa"]
[Date "2023.10.31"]
[Round "4.4"]
[White "Pniaczek, Marek"]
[Black "Fiedorek, Michal"]
[Result "1/2-1/2"]
[BlackElo "2334"]
[WhiteElo "2143"]
[LiveChessVersion "1.4.8"]

1. e4 {[%clk 1:30:51]} e5 {[%clk 1:28:59]} 2. Nf3 {[%clk 1:31:19]} Nc6
{[%clk 1:29:10]} 3. Bc4 {[%clk 1:31:45]} Nf6 {[%clk 1:29:32]} 4. d3
{[%clk 1:32:12]} Bc5 {[%clk 1:28:44]} 5. O-O {[%clk 1:32:11]} d6 {[%clk 1:29:02]}
6. c3 {[%clk 1:31:49]} a5 {[%clk 1:28:59]} 7. Re1 {[%clk 1:30:35]} O-O
{[%clk 1:29:04]} 8. h3 {[%clk 1:29:40]} Ba7 {[%clk 1:29:14]} 9. Bb3
{[%clk 1:24:29]} Be6 {[%clk 1:23:22]} 10. Bc2 {[%clk 1:14:57]} Ne7
{[%clk 1:01:02]} 11. d4 {[%clk 1:09:20]} Ng6 {[%clk 1:00:40]} 12. Be3
{[%clk 1:02:30]} c6 {[%clk 0:51:13]} 13. Nbd2 {[%clk 0:59:30]} Re8
{[%clk 0:51:13]} 14. Nf1 {[%clk 0:51:05]} exd4 {[%clk 0:47:29]} 15. Bxd4
{[%clk 0:44:34]} Bxd4 {[%clk 0:42:20]} 16. Nxd4 {[%clk 0:43:50]} Bd7
{[%clk 0:39:50]} 17. Ng3 {[%clk 0:40:32]} Qb6 {[%clk 0:34:25]} 18. Qd2
{[%clk 0:37:22]} Rad8 {[%clk 0:32:57]} 19. Bb3 {[%clk 0:34:21]} c5
{[%clk 0:22:56]} 20. Ndf5 {[%clk 0:21:25]} Bxf5 {[%clk 0:23:20]} 21. Nxf5
{[%clk 0:21:25]} Qc6 {[%clk 0:16:53]} 22. Bd5 {[%clk 0:15:04]} Nxd5
{[%clk 0:16:28]} 23. exd5 {[%clk 0:15:03]} Qd7 {[%clk 0:15:55]} 24. Ng3
{[%clk 0:11:20]} h6 {[%clk 0:12:46]} 25. c4 {[%clk 0:08:56]} b6 {[%clk 0:12:41]}
26. Qc3 {[%clk 0:07:42]} Rxe1+ {[%clk 0:10:37]} 27. Rxe1 {[%clk 0:08:09]} f6
{[%clk 0:00:40]} 28. Qe3 {[%clk 0:01:19]} Kf8 {[%clk 0:00:59]} 29. f4
{[%clk 0:00:36]} Re8 {[%clk 0:00:44]} 30. Qxe8+ {[%clk 0:00:58]} Qxe8
{[%clk 0:01:10]} 31. Rxe8+ {[%clk 0:01:00]} Kxe8 {[%clk 0:01:37]} 32. Nh5
{[%clk 0:00:33]} Kf7 {[%clk 0:01:36]} 33. Kf2 {[%clk 0:00:34]} Ne7
{[%clk 0:01:35]} 34. Ng3 {[%clk 0:00:37]} f5 {[%clk 0:01:44]} 35. Ke3
{[%clk 0:00:40]} 1/2-1/2

[Event "IMP Mezczyzn do lat 20"]
[Site "Chotowa"]
[Date "2023.10.31"]
[Round "4.5"]
[White "Sowinski, Pawel"]
[Black "Zalega, Maciej"]
[Result "1-0"]
[BlackElo "2155"]
[WhiteElo "2322"]
[LiveChessVersion "1.4.8"]

1. d4 {[%clk 1:29:11]} Nf6 {[%clk 1:30:55]} 2. c4 {[%clk 1:29:11]} c5
{[%clk 1:30:30]} 3. d5 {[%clk 1:29:40]} g6 {[%clk 1:30:48]} 4. Nc3
{[%clk 1:30:02]} d6 {[%clk 1:30:40]} 5. e4 {[%clk 1:30:26]} Bg7 {[%clk 1:31:04]}
6. Nge2 {[%clk 1:30:49]} e6 {[%clk 1:30:10]} 7. Ng3 {[%clk 1:31:00]} O-O
{[%clk 1:29:57]} 8. Be2 {[%clk 1:31:25]} exd5 {[%clk 1:29:25]} 9. cxd5
{[%clk 1:31:52]} a6 {[%clk 1:28:30]} 10. a4 {[%clk 1:32:02]} Nbd7
{[%clk 1:27:00]} 11. O-O {[%clk 1:32:19]} h5 {[%clk 1:26:54]} 12. Bg5
{[%clk 1:32:18]} Qb6 {[%clk 1:22:22]} 13. Qd2 {[%clk 1:26:42]} Re8
{[%clk 1:16:16]} 14. a5 {[%clk 1:20:40]} Qc7 {[%clk 1:16:35]} 15. h3
{[%clk 1:19:26]} Nh7 {[%clk 1:15:35]} 16. Bh4 {[%clk 1:19:18]} b5
{[%clk 1:13:42]} 17. axb6 {[%clk 1:05:04]} Qxb6 {[%clk 1:14:05]} 18. f4
{[%clk 1:04:59]} Rb8 {[%clk 1:12:10]} 19. Rab1 {[%clk 1:01:50]} Qb4
{[%clk 1:10:58]} 20. Kh2 {[%clk 1:01:23]} Qd4 {[%clk 0:57:59]} 21. Qc2
{[%clk 0:58:47]} Bh6 {[%clk 0:52:32]} 22. Bxh5 {[%clk 0:56:01]} Ndf8
{[%clk 0:42:03]} 23. Nge2 {[%clk 0:48:42]} Qc4 {[%clk 0:39:30]} 24. Bf3
{[%clk 0:48:47]} g5 {[%clk 0:38:11]} 25. fxg5 {[%clk 0:46:26]} Nxg5
{[%clk 0:38:14]} 26. Bh5 {[%clk 0:45:02]} Ng6 {[%clk 0:36:57]} 27. Bxg5
{[%clk 0:41:45]} Bxg5 {[%clk 0:37:25]} 28. e5 {[%clk 0:41:36]} Bf4+
{[%clk 0:33:20]} 29. Nxf4 {[%clk 0:41:17]} Nxf4 {[%clk 0:33:47]} 30. Bxf7+
{[%clk 0:41:24]} Kxf7 {[%clk 0:34:14]} 31. Qh7+ {[%clk 0:41:45]} Kf8
{[%clk 0:34:42]} 32. Qh6+ {[%clk 0:41:41]} Ke7 {[%clk 0:35:05]} 33. Qf6+
{[%clk 0:41:56]} Kd7 {[%clk 0:35:29]} 34. Qxd6# {[%clk 0:42:22]} 1-0

[Event "IMP Mezczyzn do lat 20"]
[Site "Chotowa"]
[Date "2023.10.31"]
[Round "4.6"]
[White "Borowik, Wojciech"]
[Black "Meers, Hubert"]
[Result "1/2-1/2"]
[BlackElo "2256"]
[WhiteElo "1902"]
[LiveChessVersion "1.4.8"]

1. d4 {[%clk 1:30:20]} Nf6 {[%clk 1:26:42]} 2. c4 {[%clk 1:30:36]} e6
{[%clk 1:27:07]} 3. Nc3 {[%clk 1:28:45]} Bb4 {[%clk 1:27:31]} 4. e3
{[%clk 1:29:09]} O-O {[%clk 1:27:46]} 5. Bd3 {[%clk 1:29:27]} d5 {[%clk 1:28:08]}
6. Nf3 {[%clk 1:29:50]} b6 {[%clk 1:27:39]} 7. O-O {[%clk 1:29:29]} dxc4
{[%clk 1:27:08]} 8. Bxc4 {[%clk 1:29:51]} Bb7 {[%clk 1:27:36]} 9. Qe2
{[%clk 1:10:28]} Nbd7 {[%clk 1:24:20]} 10. Rd1 {[%clk 1:09:26]} Qe7
{[%clk 1:18:42]} 11. a3 {[%clk 0:56:11]} Bxc3 {[%clk 1:15:21]} 12. bxc3
{[%clk 0:56:38]} c5 {[%clk 1:15:41]} 13. a4 {[%clk 0:49:53]} Ne4 {[%clk 1:15:38]}
14. Bb2 {[%clk 0:44:31]} Rfc8 {[%clk 1:06:59]} 15. Nd2 {[%clk 0:33:07]} Nxd2
{[%clk 0:54:36]} 16. Rxd2 {[%clk 0:32:09]} Nf6 {[%clk 0:54:58]} 17. f3
{[%clk 0:28:27]} cxd4 {[%clk 0:48:16]} 18. cxd4 {[%clk 0:27:30]} Qb4
{[%clk 0:48:40]} 19. Bd3 {[%clk 0:24:41]} Nd5 {[%clk 0:48:00]} 20. Qf2
{[%clk 0:22:27]} Bc6 {[%clk 0:39:28]} 21. a5 {[%clk 0:13:36]} Bb5
{[%clk 0:31:47]} 22. Bxb5 {[%clk 0:09:55]} Qxb5 {[%clk 0:32:08]} 23. e4
{[%clk 0:09:38]} Nb4 {[%clk 0:30:05]} 24. d5 {[%clk 0:07:16]} exd5
{[%clk 0:24:44]} 25. Qg3 {[%clk 0:06:34]} Qc5+ {[%clk 0:23:18]} 26. Bd4
{[%clk 0:06:35]} Qf8 {[%clk 0:23:44]} 27. axb6 {[%clk 0:04:59]} axb6
{[%clk 0:24:06]} 28. Rxa8 {[%clk 0:05:21]} Rxa8 {[%clk 0:24:26]} 29. Bxb6
{[%clk 0:05:09]} Qe7 {[%clk 0:15:23]} 30. Bd4 {[%clk 0:02:37]} f6
{[%clk 0:15:46]} 31. h3 {[%clk 0:02:02]} Nc6 {[%clk 0:15:21]} 32. Kh2
{[%clk 0:00:57]} dxe4 {[%clk 0:15:47]} 33. fxe4 {[%clk 0:01:06]} Rd8
{[%clk 0:15:40]} 34. Bc3 {[%clk 0:00:35]} Rxd2 {[%clk 0:15:36]} 35. Bxd2
{[%clk 0:01:04]} Qxe4 {[%clk 0:15:39]} 36. Qb3+ {[%clk 0:00:49]} Kf8
{[%clk 0:12:50]} 37. Qb7 {[%clk 0:00:51]} Qe5+ {[%clk 0:11:58]} 38. Kh1
{[%clk 0:01:16]} Qd6 {[%clk 0:08:02]} 39. Bf4 {[%clk 0:01:05]} Ne5
{[%clk 0:08:15]} 40. Qc8+ {[%clk 0:30:43]} Kf7 {[%clk 0:36:06]} 41. Bxe5
{[%clk 0:13:18]} fxe5 {[%clk 0:35:22]} 42. Qf5+ {[%clk 0:13:40]} Qf6
{[%clk 0:35:30]} 43. Qh5+ {[%clk 0:11:32]} Kf8 {[%clk 0:35:11]} 44. Qxh7
{[%clk 0:11:57]} Qf1+ {[%clk 0:35:38]} 45. Kh2 {[%clk 0:12:20]} Qf4+
{[%clk 0:36:05]} 46. Kg1 {[%clk 0:12:26]} e4 {[%clk 0:36:30]} 47. Qh5
{[%clk 0:05:10]} Qc1+ {[%clk 0:34:33]} 48. Kf2 {[%clk 0:04:24]} e3+
{[%clk 0:34:51]} 49. Kg3 {[%clk 0:02:48]} Qe1+ {[%clk 0:31:01]} 50. Kf4
{[%clk 0:00:45]} g5+ {[%clk 0:27:26]} 51. Ke4 {[%clk 0:00:40]} e2
{[%clk 0:26:41]} 52. Ke3 {[%clk 0:00:38]} Qg3+ {[%clk 0:24:51]} 53. Kxe2
{[%clk 0:01:02]} Qxg2+ {[%clk 0:25:17]} 1/2-1/2

[Event "IMP Mezczyzn do lat 20"]
[Site "Chotowa"]
[Date "2023.10.31"]
[Round "4.7"]
[White "Stachowicz, Hubert"]
[Black "Dziewonski, Dariusz"]
[Result "0-1"]
[BlackElo "2218"]
[WhiteElo "1583"]
[LiveChessVersion "1.4.8"]

1. d4 {[%clk 1:30:55]} d5 {[%clk 1:25:23]} 2. c4 {[%clk 1:31:42]} e6
{[%clk 1:25:50]} 3. Nc3 c6 {[%clk 1:26:14]} 4. Nf3 {[%clk 1:32:07]} dxc4
{[%clk 1:26:40]} 5. e3 {[%clk 1:32:33]} b5 {[%clk 1:27:03]} 6. a4
{[%clk 1:32:59]} Bb4 {[%clk 1:27:27]} 7. Bd2 {[%clk 1:33:26]} a5 {[%clk 1:27:52]}
8. axb5 {[%clk 1:33:49]} Bxc3 {[%clk 1:28:16]} 9. Bxc3 {[%clk 1:34:15]} cxb5
{[%clk 1:28:43]} 10. b3 {[%clk 1:34:38]} Bb7 {[%clk 1:28:53]} 11. bxc4
{[%clk 1:35:01]} b4 {[%clk 1:29:21]} 12. Bb2 {[%clk 1:35:25]} Nf6 13. Bd3
{[%clk 1:34:23]} O-O {[%clk 1:28:37]} 14. O-O {[%clk 1:34:15]} Nbd7
{[%clk 1:27:20]} 15. Nd2 {[%clk 1:33:43]} Qc7 {[%clk 1:23:48]} 16. f4
{[%clk 1:07:58]} a4 {[%clk 1:19:56]} 17. e4 {[%clk 0:59:31]} a3 {[%clk 1:10:15]}
18. Bc1 {[%clk 0:58:40]} Qd6 {[%clk 0:59:18]} 19. d5 {[%clk 0:33:17]} exd5
{[%clk 0:46:05]} 20. cxd5 {[%clk 0:23:05]} Ba6 {[%clk 0:35:20]} 21. Nb3
{[%clk 0:11:02]} Qb6+ {[%clk 0:24:36]} 22. Kh1 {[%clk 0:11:23]} Rfe8
{[%clk 0:23:25]} 23. Re1 {[%clk 0:04:24]} Bxd3 {[%clk 0:19:20]} 24. Qxd3
{[%clk 0:04:39]} Ng4 {[%clk 0:18:56]} 25. Be3 {[%clk 0:04:16]} Nxe3 26. Rxe3
{[%clk 0:03:22]} Nf6 {[%clk 0:13:11]} 27. Nd4 {[%clk 0:01:48]} Rac8
{[%clk 0:10:47]} 28. Rae1 {[%clk 0:01:16]} Rc3 {[%clk 0:09:18]} 29. Qd2
{[%clk 0:01:38]} Rxe3 {[%clk 0:08:46]} 30. Rxe3 {[%clk 0:02:01]} a2
{[%clk 0:07:15]} 31. Nb3 {[%clk 0:00:57]} Rxe4 {[%clk 0:05:23]} 32. Rf3
{[%clk 0:00:44]} Qd4 {[%clk 0:02:53]} 33. Qc1 {[%clk 0:00:40]} Qxd5
{[%clk 0:02:09]} 34. h3 {[%clk 0:00:34]} Qc4 {[%clk 0:01:30]} 35. Qd2
{[%clk 0:00:43]} Qxb3 {[%clk 0:01:10]} 36. Rxb3 {[%clk 0:01:02]} a1=Q+
{[%clk 0:01:34]} 37. Kh2 {[%clk 0:01:26]} Qa5 {[%clk 0:01:23]} 38. Qc2
{[%clk 0:01:28]} h6 {[%clk 0:01:07]} 39. Qc8+ {[%clk 0:01:24]} Re8
{[%clk 0:01:29]} 40. Qb7 {[%clk 0:31:41]} Nd5 {[%clk 0:30:48]} 41. Rd3
{[%clk 0:31:22]} Nxf4 {[%clk 0:29:42]} 42. Rf3 {[%clk 0:31:47]} Qe5
{[%clk 0:29:48]} 0-1

[Event "IMP Mezczyzn do lat 20"]
[Site "Chotowa"]
[Date "2023.10.31"]
[Round "4.8"]
[White "Rog, Bartlomiej"]
[Black "Kondys, Piotr"]
[Result "1-0"]
[BlackElo "2122"]
[WhiteElo "2168"]
[LiveChessVersion "1.4.8"]

1. e4 {[%clk 1:30:54]} g6 {[%clk 1:27:39]} 2. d4 {[%clk 1:31:17]} Bg7
{[%clk 1:28:00]} 3. Nc3 {[%clk 1:31:36]} d6 {[%clk 1:27:37]} 4. Be3
{[%clk 1:31:54]} a6 {[%clk 1:27:53]} 5. Qd2 {[%clk 1:32:16]} b5 {[%clk 1:27:40]}
6. h4 {[%clk 1:32:37]} h6 {[%clk 1:24:16]} 7. Nh3 {[%clk 1:31:00]} Bb7
{[%clk 1:15:07]} 8. f3 {[%clk 1:28:11]} Nd7 {[%clk 1:15:33]} 9. O-O-O
{[%clk 1:28:14]} Rc8 {[%clk 1:16:01]} 10. d5 {[%clk 1:15:36]} c5 {[%clk 1:14:28]}
11. dxc6 {[%clk 1:15:37]} Bxc6 {[%clk 1:09:01]} 12. Bd4 {[%clk 1:15:59]} Ngf6
{[%clk 1:08:00]} 13. g4 {[%clk 1:12:31]} b4 {[%clk 0:32:30]} 14. Nd5
{[%clk 1:09:42]} Bxd5 {[%clk 0:30:30]} 15. exd5 {[%clk 1:10:07]} Qa5
{[%clk 0:29:55]} 16. Kb1 {[%clk 1:10:30]} Qxd5 {[%clk 0:15:45]} 17. g5
{[%clk 1:02:07]} hxg5 {[%clk 0:15:15]} 18. hxg5 {[%clk 1:02:16]} Nh5
{[%clk 0:15:23]} 19. Bxg7 {[%clk 1:01:51]} Qxd2 {[%clk 0:15:43]} 20. Rxd2
{[%clk 1:02:17]} Nxg7 {[%clk 0:16:05]} 21. Bxa6 {[%clk 1:02:35]} Rc5
{[%clk 0:15:54]} 22. f4 {[%clk 1:00:33]} Nf5 {[%clk 0:12:34]} 23. Nf2
{[%clk 0:46:31]} Rxh1+ {[%clk 0:12:45]} 24. Nxh1 {[%clk 0:46:55]} Nf8
{[%clk 0:08:46]} 25. Nf2 {[%clk 0:46:58]} Ne6 {[%clk 0:09:15]} 26. Nd3
{[%clk 0:47:00]} Rd5 {[%clk 0:09:44]} 27. Bc4 {[%clk 0:36:54]} Rd4
{[%clk 0:10:12]} 28. Bxe6 {[%clk 0:37:16]} fxe6 {[%clk 0:10:41]} 29. Re2
{[%clk 0:37:38]} Kf7 {[%clk 0:09:55]} 30. b3 {[%clk 0:27:50]} Ng3
{[%clk 0:09:36]} 31. Re1 {[%clk 0:28:10]} Nh5 {[%clk 0:08:55]} 32. Rf1
{[%clk 0:27:44]} Ng3 {[%clk 0:09:24]} 33. Rf3 {[%clk 0:27:43]} Ne4
{[%clk 0:09:08]} 34. Kb2 {[%clk 0:28:09]} Ke8 {[%clk 0:05:21]} 35. a3
{[%clk 0:27:08]} bxa3+ {[%clk 0:05:45]} 36. Kxa3 {[%clk 0:27:34]} Nc3
{[%clk 0:05:33]} 37. b4 {[%clk 0:26:16]} Nd5 {[%clk 0:04:53]} 38. Kb3
{[%clk 0:24:20]} Nb6 {[%clk 0:04:53]} 39. Re3 {[%clk 0:16:57]} Kf7
{[%clk 0:03:29]} 40. c3 {[%clk 0:46:27]} Rc4 {[%clk 0:33:17]} 41. Re5
{[%clk 0:37:34]} Rc7 {[%clk 0:27:17]} 42. Re4 {[%clk 0:36:49]} Nd7
{[%clk 0:24:52]} 43. b5 {[%clk 0:21:50]} Nb6 {[%clk 0:20:15]} 44. Nb2
{[%clk 0:03:43]} Rc5 {[%clk 0:18:44]} 45. Rb4 {[%clk 0:03:19]} Ke8
{[%clk 0:15:17]} 46. Na4 {[%clk 0:02:33]} Nxa4 {[%clk 0:15:32]} 47. Kxa4
{[%clk 0:02:57]} Kd7 {[%clk 0:15:38]} 48. Ka5 {[%clk 0:02:15]} Kc7
{[%clk 0:09:59]} 49. Ka6 {[%clk 0:02:17]} Rxc3 {[%clk 0:09:51]} 50. b6+
{[%clk 0:02:18]} Kb8 {[%clk 0:09:30]} 51. Re4 {[%clk 0:02:26]} Ra3+
{[%clk 0:07:15]} 52. Kb5 {[%clk 0:02:47]} Rb3+ {[%clk 0:06:24]} 53. Kc6
{[%clk 0:03:08]} Kc8 {[%clk 0:02:34]} 54. Rxe6 {[%clk 0:03:08]} Rc3+
{[%clk 0:02:46]} 55. Kb5 {[%clk 0:00:58]} Rb3+ {[%clk 0:02:46]} 56. Kc4
{[%clk 0:00:32]} Rf3 {[%clk 0:01:32]} 57. Rxe7 {[%clk 0:00:43]} Rxf4+
{[%clk 0:01:56]} 58. Kb5 {[%clk 0:01:07]} Rf5+ {[%clk 0:00:32]} 59. Ka6
{[%clk 0:01:31]} Rxg5 {[%clk 0:00:42]} 60. b7+ {[%clk 0:01:49]} Kd8
{[%clk 0:01:00]} 61. Rg7 {[%clk 0:02:06]} 1-0

[Event "IMP Mezczyzn do lat 20"]
[Site "Chotowa"]
[Date "2023.10.31"]
[Round "4.9"]
[White "Ugorek, Kacper"]
[Black "Kacprzak, Kacper"]
[Result "1/2-1/2"]
[BlackElo "2250"]
[WhiteElo "1999"]
[LiveChessVersion "1.4.8"]

1. d4 {[%clk 1:30:46]} Nf6 {[%clk 1:30:54]} 2. Nc3 {[%clk 1:31:05]} d5
{[%clk 1:31:04]} 3. Bf4 {[%clk 1:31:28]} e6 {[%clk 1:31:04]} 4. Nb5
{[%clk 1:31:23]} Bb4+ {[%clk 1:31:24]} 5. c3 {[%clk 1:31:42]} Ba5
{[%clk 1:31:50]} 6. a4 {[%clk 1:30:40]} a6 {[%clk 1:31:50]} 7. b4
{[%clk 1:30:29]} Nc6 {[%clk 1:31:27]} 8. Na3 {[%clk 1:23:47]} Bb6
{[%clk 1:31:51]} 9. a5 {[%clk 1:22:32]} Ba7 {[%clk 1:32:15]} 10. e3
{[%clk 1:22:52]} O-O {[%clk 1:32:02]} 11. Nf3 {[%clk 1:22:42]} Ne7
{[%clk 1:23:07]} 12. Bd3 {[%clk 1:21:53]} Ng6 {[%clk 1:18:33]} 13. Bg3
{[%clk 1:15:35]} c6 {[%clk 1:12:18]} 14. Ne5 {[%clk 1:13:55]} Nxe5
{[%clk 0:53:24]} 15. Bxe5 {[%clk 1:13:29]} Qe7 {[%clk 0:51:52]} 16. O-O
{[%clk 1:04:05]} Nd7 {[%clk 0:37:38]} 17. Bg3 {[%clk 1:04:12]} e5
{[%clk 0:35:49]} 18. dxe5 {[%clk 1:03:06]} Re8 {[%clk 0:34:49]} 19. e4 Nxe5
{[%clk 0:19:09]} 20. exd5 {[%clk 0:52:54]} cxd5 {[%clk 0:17:25]} 21. Re1
{[%clk 0:51:46]} f6 {[%clk 0:17:17]} 22. Kh1 {[%clk 0:33:24]} Qf7
{[%clk 0:16:41]} 23. Bc2 {[%clk 0:33:01]} Bd7 {[%clk 0:13:42]} 24. Qd2
{[%clk 0:29:25]} Bc6 {[%clk 0:12:57]} 25. Bb3 {[%clk 0:28:58]} Nc4
{[%clk 0:11:27]} 26. Bxc4 {[%clk 0:28:39]} dxc4 {[%clk 0:11:52]} 27. Rad1
{[%clk 0:26:30]} h6 {[%clk 0:09:04]} 28. f3 {[%clk 0:25:41]} Ba4 {[%clk 0:06:58]}
29. Rxe8+ {[%clk 0:22:24]} Rxe8 {[%clk 0:07:27]} 30. Re1 {[%clk 0:22:43]} Rxe1+
{[%clk 0:06:06]} 31. Bxe1 {[%clk 0:22:16]} Qe6 {[%clk 0:03:02]} 32. Bf2
{[%clk 0:21:28]} Bxf2 {[%clk 0:03:15]} 1/2-1/2

[Event "IMP Mezczyzn do lat 20"]
[Site "Chotowa"]
[Date "2023.10.31"]
[Round "4.10"]
[White "Kraczek, Cezary"]
[Black "Czernek, Tymon"]
[Result "0-1"]
[BlackElo "2329"]
[WhiteElo "1707"]
[LiveChessVersion "1.4.8"]

1. Nf3 {[%clk 1:30:58]} Nf6 {[%clk 1:28:10]} 2. g3 {[%clk 1:31:25]} d5
{[%clk 1:28:16]} 3. Bg2 {[%clk 1:31:45]} c6 {[%clk 1:28:43]} 4. O-O
{[%clk 1:30:46]} Bg4 {[%clk 1:29:05]} 5. Ne5 {[%clk 1:29:00]} Bf5
{[%clk 1:28:23]} 6. c4 {[%clk 1:26:12]} e6 {[%clk 1:28:04]} 7. d4
{[%clk 1:25:09]} Nbd7 {[%clk 1:25:34]} 8. Nxd7 {[%clk 1:14:16]} Qxd7
{[%clk 1:25:41]} 9. Nc3 {[%clk 1:14:03]} Be7 {[%clk 1:21:46]} 10. b3
{[%clk 1:08:14]} Rd8 {[%clk 1:20:20]} 11. e3 {[%clk 1:04:37]} h5 {[%clk 1:20:07]}
12. f3 {[%clk 0:58:48]} h4 {[%clk 1:18:08]} 13. g4 {[%clk 0:57:36]} h3
{[%clk 1:18:31]} 14. Bh1 {[%clk 0:56:47]} Bg6 {[%clk 1:18:50]} 15. Bb2
{[%clk 0:50:56]} dxc4 {[%clk 1:12:49]} 16. bxc4 {[%clk 0:51:02]} e5
{[%clk 1:12:46]} 17. Ne2 {[%clk 0:41:26]} exd4 {[%clk 1:11:50]} 18. exd4
{[%clk 0:39:44]} Qe6 {[%clk 1:11:19]} 19. Qe1 {[%clk 0:36:47]} Qxc4
{[%clk 1:06:48]} 20. Nf4 {[%clk 0:34:50]} Kf8 {[%clk 1:03:35]} 21. g5
{[%clk 0:26:10]} Nd5 {[%clk 0:58:09]} 22. Nxg6+ {[%clk 0:22:05]} fxg6
{[%clk 0:58:37]} 23. f4 {[%clk 0:21:28]} Re8 {[%clk 0:55:56]} 24. f5
{[%clk 0:15:51]} Rh5 {[%clk 0:45:06]} 25. fxg6+ {[%clk 0:14:55]} Kg8
{[%clk 0:44:19]} 26. Qe6+ {[%clk 0:14:21]} Kh8 {[%clk 0:44:43]} 27. Bf3
{[%clk 0:13:38]} Qc2 {[%clk 0:44:14]} 28. Rf2 {[%clk 0:09:32]} Rxg5+
{[%clk 0:43:17]} 29. Kh1 {[%clk 0:09:18]} Qxg6 {[%clk 0:42:39]} 30. Qxg6
{[%clk 0:08:58]} Rxg6 {[%clk 0:43:04]} 31. Bh5 {[%clk 0:09:25]} Rg2
{[%clk 0:43:30]} 32. Rxg2 {[%clk 0:09:00]} hxg2+ {[%clk 0:43:52]} 33. Kxg2
{[%clk 0:09:29]} Nf4+ {[%clk 0:44:17]} 34. Kg1 {[%clk 0:08:19]} Nxh5
{[%clk 0:44:42]} 35. Re1 {[%clk 0:08:32]} Nf6 {[%clk 0:45:07]} 36. Bc3
{[%clk 0:08:21]} Bd6 {[%clk 0:45:31]} 37. Rb1 {[%clk 0:08:10]} Nd5
{[%clk 0:45:50]} 38. Be1 {[%clk 0:08:03]} Re2 {[%clk 0:46:13]} 39. h3
{[%clk 0:07:09]} Bh2+ {[%clk 0:45:12]} 40. Kh1 {[%clk 0:37:07]} b6
{[%clk 1:15:33]} 41. a4 {[%clk 0:37:02]} Bf4 {[%clk 1:15:53]} 42. h4
{[%clk 0:36:54]} a5 {[%clk 1:15:57]} 43. Kg1 {[%clk 0:36:48]} Be3+
{[%clk 1:16:20]} 44. Kf1 {[%clk 0:36:56]} Ra2 {[%clk 1:16:46]} 45. Rb3
{[%clk 0:36:51]} Bxd4 {[%clk 1:17:03]} 46. h5 {[%clk 0:36:49]} Ne3+
{[%clk 1:17:22]} 47. Kg1 {[%clk 0:37:04]} Nc2+ {[%clk 1:17:47]} 48. Kf1
{[%clk 0:37:24]} Ra1 {[%clk 1:18:14]} 0-1

[Event "IMP Mezczyzn do lat 20"]
[Site "Chotowa"]
[Date "2023.10.31"]
[Round "4.11"]
[White "Karut, Kacper"]
[Black "Stepinski, Piotr"]
[Result "1-0"]
[BlackElo "1991"]
[WhiteElo "2093"]
[LiveChessVersion "1.4.8"]

1. e4 {[%clk 1:27:10]} c6 {[%clk 1:30:57]} 2. d4 {[%clk 1:27:18]} d5
{[%clk 1:31:25]} 3. e5 {[%clk 1:27:33]} c5 {[%clk 1:31:53]} 4. dxc5
{[%clk 1:27:49]} e6 {[%clk 1:32:16]} 5. Bd3 {[%clk 1:27:50]} Nd7 {[%clk 1:32:41]}
6. Nf3 {[%clk 1:27:58]} Nxc5 {[%clk 1:33:07]} 7. Be2 {[%clk 1:28:17]} Ne7
{[%clk 1:33:32]} 8. O-O {[%clk 1:28:24]} Nc6 {[%clk 1:33:58]} 9. a3
{[%clk 1:28:28]} Nd7 {[%clk 1:33:57]} 10. Bf4 {[%clk 1:25:47]} Qc7
{[%clk 1:33:54]} 11. Re1 {[%clk 1:15:19]} Be7 {[%clk 1:27:12]} 12. b4
{[%clk 0:57:18]} a5 {[%clk 1:18:36]} 13. b5 {[%clk 0:50:04]} Ncxe5
{[%clk 1:13:26]} 14. Nxe5 {[%clk 0:48:14]} Nxe5 {[%clk 1:13:53]} 15. Qd4
{[%clk 0:47:19]} f6 {[%clk 1:14:04]} 16. b6 {[%clk 0:37:47]} Qc5 {[%clk 1:13:49]}
17. Qb2 {[%clk 0:31:23]} O-O {[%clk 1:10:14]} 18. Nd2 {[%clk 0:31:05]} Bd7
{[%clk 1:05:19]} 19. Be3 {[%clk 0:30:47]} Qd6 {[%clk 1:03:19]} 20. c4
{[%clk 0:29:23]} Bc6 {[%clk 1:00:48]} 21. Red1 {[%clk 0:26:15]} Rfc8
{[%clk 0:49:35]} 22. Nb3 {[%clk 0:24:07]} Qb8 {[%clk 0:48:35]} 23. c5
{[%clk 0:17:56]} Ba4 {[%clk 0:46:26]} 24. Rac1 {[%clk 0:16:29]} Bxb3
{[%clk 0:45:30]} 25. Qxb3 {[%clk 0:16:46]} Nc6 {[%clk 0:45:55]} 26. Qa4
{[%clk 0:13:29]} Qe5 {[%clk 0:29:52]} 27. Bb5 {[%clk 0:12:37]} Qh5
{[%clk 0:30:01]} 28. Bf4 {[%clk 0:09:30]} Bd8 {[%clk 0:28:35]} 29. Bxc6
{[%clk 0:08:34]} Rxc6 {[%clk 0:25:23]} 30. Qxc6 {[%clk 0:08:57]} bxc6
{[%clk 0:25:47]} 31. b7 {[%clk 0:09:22]} Rb8 {[%clk 0:26:11]} 32. Bxb8
{[%clk 0:09:46]} Bb6 {[%clk 0:26:37]} 33. cxb6 {[%clk 0:10:02]} Qf7
{[%clk 0:26:26]} 34. Bc7 {[%clk 0:10:26]} 1-0

[Event "IMP Mezczyzn do lat 20"]
[Site "Chotowa"]
[Date "2023.10.31"]
[Round "4.12"]
[White "Haladaj, Adam"]
[Black "Redzisz, Michal"]
[Result "0-1"]
[BlackElo "2228"]
[WhiteElo "1611"]
[LiveChessVersion "1.4.8"]

1. e4 {[%clk 1:30:58]} c6 {[%clk 1:27:58]} 2. d4 {[%clk 1:31:26]} d5
{[%clk 1:28:23]} 3. Nc3 {[%clk 1:31:51]} dxe4 {[%clk 1:28:50]} 4. Nxe4
{[%clk 1:32:11]} Nf6 {[%clk 1:29:18]} 5. Nxf6+ {[%clk 1:32:32]} exf6
{[%clk 1:29:44]} 6. c3 {[%clk 1:32:54]} Bd6 {[%clk 1:30:07]} 7. Bd3
{[%clk 1:33:21]} O-O {[%clk 1:30:33]} 8. Qc2 {[%clk 1:33:47]} Re8+
{[%clk 1:31:02]} 9. Ne2 {[%clk 1:34:09]} h5 {[%clk 1:31:30]} 10. O-O
{[%clk 1:33:43]} h4 {[%clk 1:31:30]} 11. Nf4 {[%clk 1:30:47]} Qc7
{[%clk 1:04:23]} 12. g3 {[%clk 1:29:40]} Nd7 {[%clk 1:04:44]} 13. Ng2
{[%clk 1:23:32]} h3 {[%clk 0:52:43]} 14. Nf4 {[%clk 1:23:53]} Nf8
{[%clk 0:51:53]} 15. Bf5 {[%clk 1:20:17]} Bxf4 {[%clk 0:47:53]} 16. Bxf4
{[%clk 1:20:42]} Qa5 {[%clk 0:48:21]} 17. Bd3 {[%clk 1:19:39]} Ne6
{[%clk 0:33:32]} 18. Be3 {[%clk 1:15:51]} Ng5 {[%clk 0:29:06]} 19. Bxg5
{[%clk 1:15:27]} Qxg5 {[%clk 0:25:11]} 20. b3 {[%clk 1:08:04]} Bg4
{[%clk 0:22:04]} 21. f4 {[%clk 1:03:25]} Qd5 {[%clk 0:15:05]} 22. Rae1
{[%clk 1:02:34]} Bf3 {[%clk 0:09:59]} 23. Qd2 {[%clk 0:58:36]} Bg2
{[%clk 0:05:35]} 24. Rf2 {[%clk 0:56:29]} b5 {[%clk 0:02:36]} 25. Rfe2
{[%clk 0:56:16]} Qd7 {[%clk 0:02:37]} 26. Re3 {[%clk 0:46:42]} g6
{[%clk 0:02:14]} 27. f5 {[%clk 0:40:04]} g5 {[%clk 0:02:42]} 28. Qe2
{[%clk 0:39:46]} Rxe3 {[%clk 0:03:05]} 29. Qxe3 {[%clk 0:40:12]} Kf8
{[%clk 0:02:18]} 30. Kf2 {[%clk 0:39:54]} Rd8 {[%clk 0:02:43]} 31. b4
{[%clk 0:37:07]} a5 {[%clk 0:02:31]} 32. a3 {[%clk 0:35:00]} axb4
{[%clk 0:02:59]} 33. axb4 {[%clk 0:35:24]} Ra8 {[%clk 0:03:11]} 34. Bb1
{[%clk 0:34:15]} Ra1 {[%clk 0:03:18]} 35. Bd3 {[%clk 0:31:49]} Rxe1
{[%clk 0:03:27]} 36. Qxe1 {[%clk 0:32:06]} Qd5 {[%clk 0:03:34]} 37. Qe2
{[%clk 0:31:28]} Bh1 {[%clk 0:02:54]} 38. Ke1 {[%clk 0:30:54]} Bf3
{[%clk 0:01:37]} 39. Qe3 {[%clk 0:30:31]} Kg7 {[%clk 0:00:46]} 40. Kf2
{[%clk 0:59:44]} Bg4 {[%clk 0:30:50]} 41. Qe4 {[%clk 0:55:15]} Qa2+
{[%clk 0:31:16]} 42. Be2 {[%clk 0:55:39]} Bxe2 {[%clk 0:31:40]} 43. Qxe2
{[%clk 0:56:05]} Qa1 {[%clk 0:31:46]} 44. Qe1 {[%clk 0:55:11]} Qb2+
{[%clk 0:32:05]} 45. Qe2 {[%clk 0:53:42]} Qxc3 {[%clk 0:32:28]} 46. d5
{[%clk 0:52:54]} Qd4+ {[%clk 0:32:27]} 47. Kf3 {[%clk 0:52:57]} g4#
{[%clk 0:32:52]} 0-1